000 00957nam a2200265 a 4500
005 20170914163700.0
008 140304b1999 ck ||||| |||| 00| 0 spa d
040 _aCO-BoIAVH
_cCO-BoIAVH
041 _aspa
044 _ack
082 _a660.6
_bC68b
100 _aHodson de Jaramillo, Elizabeth
110 _bInstituto Colombiano para el Desarrollo de la Ciencia y la Tecnología "Francisco José de Caldas"
245 1 0 _aPrograma nacional de biotecnología
_bplan estratégico 1999-2004
260 _aBogotá
_bCOLCIENCIAS
_c1999
300 _a91 páginas
_c22 x 16
650 1 4 _aBiotecnología
650 1 4 _aComunidad científica
_vCaracterización
650 1 4 _aInvestigación
_vProceso de innovación
650 1 4 _aCooperación internacional
_zColombia
650 1 4 _aInfraestructura organizacional
662 _aColombia
700 _aAramendis Ramírez, Rafael H.
942 _cLIBRO
_2ddc
999 _c2159
_d2159